000 00541nam a2200157Ia 4500
008 210716s2002 xx 000 0 und d
020 _a812032207X
041 _aeng
082 _a621.3916 TRIW
100 _aTriebel, Walter A;Singh, Avtar.
245 _a8088 and 8086 microprocessors: programming, interfacing, software, hardware, and applications.
_bProgramming, interfacing, software, hardware, and applications.
250 _a4
260 _aNew Delhi
_bPrentice Hall of India PVt Ltd.
_c2002
300 _axiii,1019
650 _aNone
999 _c185601
_d185601